01311nam a22001697a 4500008004100000020002900041050001700070100001900087245006100106260004300167300004900210500002000259505076600279650004001045650003701085700001901122120203t xxu||||| |||| 00| 0 eng d a0534358187 9780534358181 aHD30.215.K45 aKeller, Gerald aStatistics for management and economics /cGerald Keller aPacific Grove :bDuxbury Press,c1999. axxvii, 861 p. : bill. (some col.) ;c26cm.  aIncludes index. aContents: What is statistics? -- Graphical descriptive techniques -- Art and science of graphical presentation -- Numerical descriptive measures -- Data collection and sampling -- Probability and discrete probability distribution -- Sampling distributions -- Introduction to estimation -- Introduction to hypothesis testing -- Inference about the description of a single population -- Inference about the comparison of two populations -- Statistical inference : A Review of chapters 11 and 12 -- Analysis of variance -- Additional tests for quality -- Simple linear regression and correlation -- Multiple regression -- Statistical process control -- Statistical inference includes Appendix A: Answers to selected even - Numbered exercises -- Appendix B: Tables. aManagement x Statistical methods.  aEconomicsx Statistical methods. aWarrack, Brian